[Event "GER-ch U14 Girls"]
[Site "Willingen"]
[Date "2007.06.02"]
[Round "9"]
[White "Korman, Jewgenija"]
[Black "Mohr, Fides"]
[Result "1/2-1/2"]
[WhiteElo "1438"]
[BlackElo "1857"]
[PlyCount "50"]
[EventDate "2007.05.26"]
[EventType "swiss"]
[EventRounds "9"]
[EventCountry "GER"]
[SourceTitle "CBM 118 Extra"]
[Source "ChessBase"]
[SourceDate "2007.07.04"]
[SourceVersion "1"]
[SourceVersionDate "2007.07.04"]
[SourceQuality "1"]

1. e4 e6 2. d4 d5 3. Nc3 Bb4 4. Bd3 c5 5. a3 Bxc3+ 6. bxc3 c4 7. Bf1 Qa5 8. Bd2 Nf6 9. e5 Ne4 10. Ne2 Bd7 11. f3 Nxd2 12. Qxd2 Nc6 13. g3 a6 14. Bg2 Na7 15. Qc1 Ba4 16. 0-0 0-0 17. Qb2 Nb5 18. Ra2 Rab8 19. Qb4 b6 20. Rb1 Rb7 21. f4 Rfb8 22. f5 g5 23. fxe6 fxe6 24. Bh3 Re8 25. Bg4 Rc7 1/2-1/2

[Event "GER-ch U14 Girls"]
[Site "Willingen"]
[Date "2007.05.29"]
[Round "5"]
[White "Mohr, Fides"]
[Black "Bluebaum, Johanna"]
[Result "1/2-1/2"]
[WhiteElo "1857"]
[BlackElo "1956"]
[PlyCount "103"]
[EventDate "2007.05.26"]
[EventType "swiss"]
[EventRounds "9"]
[EventCountry "GER"]
[SourceTitle "CBM 118 Extra"]
[Source "ChessBase"]
[SourceDate "2007.07.04"]
[SourceVersion "1"]
[SourceVersionDate "2007.07.04"]
[SourceQuality "1"]

1. f4 Nf6 2. g3 d5 3. Bg2 c6 4. Nf3 Bf5 5. d3 h6 6. Nbd2 e6 7. 0-0 Bc5+ 8. d4 Be7 9. h3 h5 10. e3 Nbd7 11. a4 Ne4 12. Nxe4 Bxe4 13. b3 Qa5 14. Bd2 Qc7 15. Ra2 f6 16. Nh4 Bxg2 17. Kxg2 f5 18. Ng6 Rh6 19. Nxe7 Kxe7 20. g4 hxg4 21. hxg4 Rah8 22. Rg1 Nf6 23. gxf5 exf5 24. Kf1 Rh1 25. Qf3 Rxg1+ 26. Kxg1 Qd6 27. c4 Ne4 28. Qg2 Qf6 29. cxd5 cxd5 30. Bb4+ Kd7 31. Be1 Rh6 32. Kf1 Qa6+ 33. Re2 g6 34. Kg1 Qd3 35. b4 Nf6 36. Kf1 Kd6 37. Qf3 Ng4 38. Kg1 Rh3 39. Qxh3 Qxe2 40. Bc3 Qf2+ 41. Kh1 Nxe3 42. b5 Qxf4 43. Bd2 Qf1+ 44. Qxf1 Nxf1 45. Bf4+ Ke6 46. Kg2 Nd2 47. Bxd2 Kf6 48. Kf3 g5 49. Ba5 a6 50. bxa6 bxa6 51. Bb4 Ke6 52. Bd2 1/2-1/2

[Event "Stuttgart-chB int"]
[Site "Gerlingen"]
[Date "2007.05.19"]
[Round "6"]
[White "Mohr, Fides"]
[Black "Belzner, Jonas"]
[Result "1/2-1/2"]
[WhiteElo "1853"]
[BlackElo "1591"]
[PlyCount "105"]
[EventDate "2007.05.17"]
[EventType "swiss"]
[EventRounds "7"]
[EventCountry "GER"]
[SourceTitle "EXT 2018"]
[Source "ChessBase"]
[SourceDate "2017.10.13"]
[SourceVersion "1"]
[SourceVersionDate "2017.10.13"]
[SourceQuality "1"]

1. e4 d5 2. exd5 Qxd5 3. Nc3 Qa5 4. d4 c6 5. Be3 Bf5 6. Nf3 Nf6 7. Qd2 e6 8. Ne5 Bb4 9. Nc4 Qc7 10. Bd3 Ne4 11. Bxe4 Bxe4 12. f3 Bd5 13. Bf4 Qd8 14. Ne3 Nd7 15. a3 Qa5 16. 0-0 Bxc3 17. Qxc3 Qxc3 18. bxc3 b5 19. a4 Nb6 20. axb5 cxb5 21. Bc7 Na4 22. Nxd5 exd5 23. Ba5 Rc8 24. Rfe1+ Kd7 25. Re5 Kd6 26. Bb4+ Kc6 27. Rae1 Rc7 28. Ba5 Rd7 29. Re8 Rxe8 30. Rxe8 g6 31. g4 f5 32. gxf5 gxf5 33. Rf8 Rg7+ 34. Kf2 Rg5 35. Rf7 Rh5 36. Kg2 a6 37. Rf6+ Kd7 38. Rxa6 Rg5+ 39. Kf2 Rh5 40. Ra7+ Kc6 41. Bc7 Nxc3 42. Bg3 Na4 43. Rc7+ Kb6 44. Ke3 Nb2 45. Rd7 Nc4+ 46. Kd3 Kc6 47. Rc7+ Kb6 48. Rc5 Nb2+ 49. Ke2 Na4 50. Rc8 Kb7 51. Rc7+ Kb6 52. c3 Rh6 53. Kd2 1/2-1/2

[Event "NRW-ch U14 Girls"]
[Site "Kranenburg"]
[Date "2007.04.12"]
[Round "5"]
[White "Mohr, Fides"]
[Black "Hohmann, Louisa"]
[Result "1/2-1/2"]
[WhiteElo "1857"]
[BlackElo "1643"]
[PlyCount "68"]
[EventDate "2007.04.09"]
[EventType "swiss"]
[EventRounds "7"]
[EventCountry "GER"]
[SourceTitle "EXT 2008"]
[Source "ChessBase"]
[SourceDate "2007.11.25"]
[SourceVersion "1"]
[SourceVersionDate "2007.11.25"]
[SourceQuality "1"]

1. e4 c5 2. Nf3 Nc6 3. d4 cxd4 4. Nxd4 Nf6 5. Nc3 e5 6. Ndb5 d6 7. Bg5 a6 8. Na3 b5 9. Nd5 Be7 10. Nxe7 Nxe7 11. Bxf6 gxf6 12. Qd2 Bb7 13. c4 bxc4 14. Nxc4 d5 15. exd5 Bxd5 16. Ne3 Bb7 17. Qb4 Qc7 18. Bc4 Rc8 19. 0-0 Rg8 20. Rac1 Qd7 21. Rfd1 Nd5 22. Nxd5 Bxd5 23. Rxd5 Qxd5 24. Qa4+ Ke7 25. Qb4+ Qc5 26. Qb7+ Rc7 27. Qxa6 Ra7 28. b4 Qd4 29. Qc6 Rd7 30. Qc5+ Qxc5 31. bxc5 Rc7 32. Bb5 Rgc8 33. c6 Rd7 34. f3 Ra7 1/2-1/2

[Event "NRW-ch U14 Girls"]
[Site "Kranenburg"]
[Date "2007.04.11"]
[Round "4"]
[White "Orhan, Eda"]
[Black "Mohr, Fides"]
[Result "0-1"]
[WhiteElo "1418"]
[BlackElo "1857"]
[PlyCount "78"]
[EventDate "2007.04.09"]
[EventType "swiss"]
[EventRounds "7"]
[EventCountry "GER"]
[SourceTitle "EXT 2008"]
[Source "ChessBase"]
[SourceDate "2007.11.25"]
[SourceVersion "1"]
[SourceVersionDate "2007.11.25"]
[SourceQuality "1"]

1. d4 f5 2. Nf3 Nf6 3. c4 g6 4. g3 Bg7 5. Nc3 d6 6. Bg2 0-0 7. 0-0 Nc6 8. Re1 e5 9. dxe5 dxe5 10. Qxd8 Rxd8 11. Bg5 e4 12. Nd2 h6 13. Be3 Ng4 14. Nf1 Be6 15. c5 Nb4 16. Red1 Nc2 17. Rac1 Ngxe3 18. Nxe3 Nxe3 19. fxe3 c6 20. g4 Kf7 21. gxf5 gxf5 22. Kf2 Be5 23. h4 Rg8 24. h5 Rg5 25. Rh1 Ke7 26. a4 Rd8 27. Rcd1 Rxd1 28. Nxd1 Bf7 29. Nc3 Rxh5 30. Rxh5 Bxh5 31. Bh3 Kf6 32. a5 Bxc3 33. bxc3 Bf7 34. Kg3 Kg5 35. Bg2 Bc4 36. Bf1 h5 37. Kh3 f4 38. exf4+ Kxf4 39. Kh4 Ke3 0-1

[Event "Val Thorens op 32nd"]
[Site "Val Thorens"]
[Date "2006.07.21"]
[Round "7"]
[White "Mohr, Fides"]
[Black "Marchat, Gerard"]
[Result "0-1"]
[WhiteElo "1901"]
[BlackElo "1929"]
[PlyCount "54"]
[EventDate "2006.07.15"]
[EventType "swiss"]
[EventRounds "9"]
[EventCountry "FRA"]
[SourceTitle "EXT 2010"]
[Source "ChessBase"]
[SourceDate "2010.11.25"]
[SourceVersion "1"]
[SourceVersionDate "2010.11.25"]
[SourceQuality "1"]

1. e4 e5 2. f4 exf4 3. Bc4 Qh4+ 4. Kf1 d6 5. Nf3 Qh5 6. d4 g5 7. h4 f6 8. Kg1 g4 9. Ne1 Bh6 10. Nc3 Ne7 11. Nd3 f3 12. Bxh6 Qxh6 13. gxf3 Qe3+ 14. Kg2 Qxd4 15. Bb3 h5 16. Nb5 Qb6 17. Ba4 Nbc6 18. Re1 gxf3+ 19. Qxf3 Rg8+ 20. Kh2 Bg4 21. Qf1 0-0-0 22. Nc3 Ne5 23. Nxe5 dxe5 24. Bb3 Rgf8 25. Qg2 c6 26. Nd1 Ng6 27. Ne3 Nxh4 0-1

[Event "GER-ch U12"]
[Site "Willingen"]
[Date "2005.05.19"]
[Round "9"]
[White "Mohr, Fides"]
[Black "Friedrich, Wiede"]
[Result "0-1"]
[WhiteElo "1476"]
[BlackElo "1739"]
[PlyCount "68"]
[EventDate "2005.05.14"]
[EventType "swiss"]
[EventRounds "11"]
[EventCountry "GER"]
[SourceTitle "CBM 106 Extra"]
[Source "ChessBase"]
[SourceDate "2005.07.01"]
[SourceVersion "1"]
[SourceVersionDate "2005.07.01"]
[SourceQuality "1"]

1. d4 g6 2. c4 Bg7 3. Nc3 d6 4. e4 Nf6 5. f4 0-0 6. Nf3 c5 7. d5 Ne8 8. Bd3 Nc7 9. 0-0 e6 10. Rb1 Re8 11. Bd2 exd5 12. exd5 f5 13. Qc2 Nd7 14. Rfe1 Nf6 15. Rxe8+ Qxe8 16. Re1 Qf8 17. Ng5 Ng4 18. Nf3 Bd7 19. h3 Nf6 20. Kh2 a6 21. a4 Rb8 22. Ng5 Re8 23. Qb3 Rxe1 24. Bxe1 Qb8 25. Bd2 h6 26. Nf3 b6 27. Ne1 Kf7 28. a5 b5 29. cxb5 axb5 30. Nc2 Qe8 31. Bf1 b4 32. Nd1 Ba4 33. Qc4 Bb5 34. Qb3 Bxf1 0-1

[Event "GER-ch U12"]
[Site "Willingen"]
[Date "2005.05.16"]
[Round "5"]
[White "Boos, Philipp"]
[Black "Mohr, Fides"]
[Result "0-1"]
[WhiteElo "1586"]
[BlackElo "1476"]
[PlyCount "42"]
[EventDate "2005.05.14"]
[EventType "swiss"]
[EventRounds "11"]
[EventCountry "GER"]
[SourceTitle "CBM 106 Extra"]
[Source "ChessBase"]
[SourceDate "2005.07.01"]
[SourceVersion "1"]
[SourceVersionDate "2005.07.01"]
[SourceQuality "1"]

1. d4 d5 2. c4 e6 3. Nc3 c6 4. e3 Nf6 5. Nf3 Nbd7 6. cxd5 cxd5 7. Bd3 a6 8. 0-0 Bd6 9. Bd2 0-0 10. Rc1 b6 11. e4 dxe4 12. Nxe4 Be7 13. Qc2 Bb7 14. Ne5 Nxe5 15. Nxf6+ Bxf6 16. dxe5 Bxe5 17. Bxh7+ Kh8 18. f4 Rc8 19. Qb1 Qxd2 20. Rc2 Bd4+ 21. Kh1 Bxg2# 0-1

[Event "Dortmund op-B"]
[Site "Dortmund"]
[Date "2004.07.30"]
[Round "8"]
[White "Gennat, Egon Leopold"]
[Black "Mohr, Fides"]
[Result "0-1"]
[WhiteElo "1286"]
[BlackElo "1476"]
[PlyCount "50"]
[EventDate "2004.07.??"]
[EventType "swiss"]
[EventRounds "9"]
[EventCountry "GER"]
[SourceTitle "EXT 2006"]
[Source "ChessBase"]
[SourceDate "2005.11.24"]
[SourceVersion "1"]
[SourceVersionDate "2005.11.24"]
[SourceQuality "1"]

1. e4 c5 2. Nf3 d6 3. Nc3 a6 4. d4 cxd4 5. Nxd4 Nf6 6. Bc4 e6 7. a3 Be7 8. Bg5 Nbd7 9. Qd2 Qc7 10. Ba2 b5 11. Bxe6 Nc5 12. Bd5 Nxd5 13. Nxd5 Qb7 14. Nf5 Bxf5 15. exf5 Bxg5 16. Qxg5 Qxd5 17. 0-0 0-0 18. Rfe1 Rfe8 19. Qg4 Re5 20. Rad1 Rxe1+ 21. Rxe1 Qd2 22. Rd1 Qxc2 23. f6 g6 24. h4 Ne4 25. Qf3 Rc8 0-1

[Event "Dortmund op-B"]
[Site "Dortmund"]
[Date "2004.07.29"]
[Round "7"]
[White "Mohr, Fides"]
[Black "Guddat, Joern"]
[Result "0-1"]
[WhiteElo "1476"]
[BlackElo "1739"]
[PlyCount "50"]
[EventDate "2004.07.??"]
[EventType "swiss"]
[EventRounds "9"]
[EventCountry "GER"]
[SourceTitle "EXT 2006"]
[Source "ChessBase"]
[SourceDate "2005.11.24"]
[SourceVersion "1"]
[SourceVersionDate "2005.11.24"]
[SourceQuality "1"]

1. d4 d5 2. c4 e6 3. Nc3 c5 4. dxc5 d4 5. Ne4 Nc6 6. Nf3 e5 7. h3 Bf5 8. Ng3 Bg6 9. Qb3 Qc7 10. Bd2 Bxc5 11. e3 Nf6 12. Nh4 dxe3 13. fxe3 Rd8 14. Nxg6 hxg6 15. Bd3 e4 16. Nxe4 Nxe4 17. Bxe4 Qg3+ 18. Ke2 0-0 19. Rad1 Rfe8 20. Bxc6 bxc6 21. Rhg1 Rxd2+ 22. Rxd2 Rxe3+ 23. Qxe3 Qxe3+ 24. Kf1 Qxd2 25. Rh1 Qf2# 0-1

[Event "Dortmund op-B"]
[Site "Dortmund"]
[Date "2004.07.25"]
[Round "3"]
[White "Mohr, Fides"]
[Black "Heimer, Hans Joachim"]
[Result "0-1"]
[WhiteElo "1476"]
[BlackElo "1658"]
[PlyCount "58"]
[EventDate "2004.07.??"]
[EventType "swiss"]
[EventRounds "9"]
[EventCountry "GER"]
[SourceTitle "EXT 2006"]
[Source "ChessBase"]
[SourceDate "2005.11.24"]
[SourceVersion "1"]
[SourceVersionDate "2005.11.24"]
[SourceQuality "1"]

1. d4 d5 2. c4 e6 3. Nc3 Nf6 4. cxd5 exd5 5. Bg5 Be7 6. e3 0-0 7. Bd3 Nbd7 8. Nge2 c5 9. Nf4 cxd4 10. exd4 Re8 11. 0-0 Nb6 12. Nh5 Nxh5 13. Bxe7 Qxe7 14. Qxh5 g6 15. Qf3 Be6 16. Rfe1 Qb4 17. Rac1 a6 18. Red1 Qxb2 19. Bxg6 hxg6 20. Rb1 Qc2 21. Rxb6 Rac8 22. Rb3 Rc4 23. h3 Rec8 24. Rd3 Bf5 25. Re3 Rxd4 26. Rxb7 Rf8 27. Nxd5 Qd1+ 28. Qxd1 Rxd1+ 29. Kh2 Rxd5 0-1

[Event "GER-ch U12"]
[Site "Willingen"]
[Date "2004.06.03"]
[Round "9"]
[White "Mohr, Fides"]
[Black "Aslan, Benjamin"]
[Result "1-0"]
[WhiteElo "1389"]
[BlackElo "1232"]
[PlyCount "45"]
[EventDate "2004.06.??"]
[EventType "swiss"]
[EventRounds "11"]
[EventCountry "GER"]
[SourceTitle "EXT 2005"]
[Source "ChessBase"]
[SourceDate "2004.11.15"]
[SourceVersion "1"]
[SourceVersionDate "2004.11.15"]
[SourceQuality "1"]

1. d4 Nf6 2. Bg5 e6 3. e4 c5 4. e5 h6 5. Bh4 g5 6. Bg3 Ne4 7. Nf3 cxd4 8. Qxd4 Nxg3 9. hxg3 Nc6 10. Qe3 b6 11. Nc3 Bc5 12. Qe4 Qc7 13. Nb5 Qb8 14. 0-0-0 Bxf2 15. Nd6+ Ke7 16. Nxg5 Rf8 17. Ngxf7 Bxg3 18. Rxh6 Nxe5 19. Nxe5 Bf4+ 20. Kb1 Bxh6 21. Ng6+ Kf6 22. Nxf8 Bxf8 23. Qf4+ 1-0

[Event "GER-ch U12"]
[Site "Willingen"]
[Date "2004.06.02"]
[Round "8"]
[White "Dzodziev, Daniel"]
[Black "Mohr, Fides"]
[Result "1-0"]
[WhiteElo "1544"]
[BlackElo "1389"]
[PlyCount "121"]
[EventDate "2004.06.??"]
[EventType "swiss"]
[EventRounds "11"]
[EventCountry "GER"]
[SourceTitle "EXT 2005"]
[Source "ChessBase"]
[SourceDate "2004.11.15"]
[SourceVersion "1"]
[SourceVersionDate "2004.11.15"]
[SourceQuality "1"]

1. e4 c5 2. Nf3 d6 3. d4 cxd4 4. Nxd4 Nf6 5. Nc3 a6 6. Be2 e5 7. Nf3 h6 8. 0-0 Be7 9. Ne1 0-0 10. Nd3 Nc6 11. Kh1 b5 12. Be3 b4 13. Nd5 Nxe4 14. Bf3 Bf5 15. N3xb4 Nxb4 16. Nxb4 Rc8 17. a4 a5 18. Nd3 Nf6 19. Be2 Qc7 20. c3 Qb7 21. Qd2 Bh3 22. Bf3 e4 23. gxh3 exf3 24. Rg1 Kh7 25. b4 Ne4 26. Bd4 Bg5 27. Qc2 axb4 28. Nxb4 g6 29. Rae1 Nxc3 30. Bxc3 Qxb4 31. Qxg6+ fxg6 32. Bxb4 Rfd8 33. Re6 Rc2 34. Rf1 Rdc8 35. Rxd6 Bh4 36. Kg1 Rc1 37. a5 Bxf2+ 38. Kxf2 R8c2+ 39. Rd2 Rxf1+ 40. Kxf1 Rc1+ 41. Kf2 Rb1 42. Bc5 Rb5 43. Bb6 Kg7 44. Kxf3 Rb3+ 45. Kg2 Kf7 46. Rd6 Rb2+ 47. Bf2 Ra2 48. a6 Ke7 49. Rxg6 Kd7 50. a7 Kc7 51. Rxh6 Kb7 52. Rh8 Ra6 53. Rb8+ Kc7 54. a8Q Rxa8 55. Rxa8 Kb7 56. Ra7+ Kb8 57. h4 Kc8 58. h5 Kd8 59. h6 Ke8 60. h7 Kf8 61. h8R# 1-0

[Event "GER-ch U12"]
[Site "Willingen"]
[Date "2004.05.30"]
[Round "2"]
[White "Voss, Chantal"]
[Black "Mohr, Fides"]
[Result "0-1"]
[WhiteElo "1247"]
[BlackElo "1389"]
[PlyCount "87"]
[EventDate "2004.06.??"]
[EventType "swiss"]
[EventRounds "11"]
[EventCountry "GER"]
[SourceTitle "EXT 2005"]
[Source "ChessBase"]
[SourceDate "2004.11.15"]
[SourceVersion "1"]
[SourceVersionDate "2004.11.15"]
[SourceQuality "1"]

1. d4 d5 2. c4 e6 3. Nc3 c6 4. Nf3 dxc4 5. e3 b5 6. Qc2 Nf6 7. Bd2 Bb4 8. Be2 0-0 9. 0-0 Bb7 10. a3 Bd6 11. e4 Bc7 12. e5 Nd5 13. Ng5 g6 14. Bh5 Nxc3 15. bxc3 Qd7 16. f4 f6 17. exf6 gxh5 18. f7+ Rxf7 19. Nxf7 Qxf7 20. f5 exf5 21. Rxf5 Qe8 22. Re1 Qd7 23. Rxh5 Na6 24. Rg5+ Kh8 25. Rh5 Rf8 26. Re3 Qf7 27. Rf3 Qxh5 28. Rxf8+ Kg7 29. Rf3 Qxh2+ 30. Kf2 c5 31. Rh3 Qf4+ 32. Ke1 Qe4+ 33. Qxe4 Bxe4 34. Re3 Bxg2 35. dxc5 h5 36. Kf2 Bd5 37. Rh3 Kg6 38. Re3 Nxc5 39. Re7 Bb6 40. Kg3 Ne4+ 41. Kh3 Nxd2 42. Re1 Ne4 43. Rb1 a6 44. Rb4 0-1

[Event "Ruhrhalbinsel op 19th"]
[Site "Essen"]
[Date "2004.05.21"]
[Round "4"]
[White "Mohr, Fides"]
[Black "Zagrabski, Kevin"]
[Result "0-1"]
[WhiteElo "1383"]
[BlackElo "1328"]
[PlyCount "124"]
[EventDate "2004.05.??"]
[EventType "swiss"]
[EventRounds "7"]
[EventCountry "GER"]
[SourceTitle "CBM 100 Extra"]
[Source "ChessBase"]
[SourceDate "2004.07.06"]
[SourceVersion "2"]
[SourceVersionDate "2004.07.06"]
[SourceQuality "1"]

1. d4 d5 2. e4 dxe4 3. Nc3 Nf6 4. f3 exf3 5. Nxf3 Nc6 6. Bf4 Nd5 7. Nxd5 Qxd5 8. Bxc7 Bg4 9. Be2 g6 10. c4 Qd7 11. Bf4 e6 12. 0-0 Bg7 13. d5 exd5 14. cxd5 Ne7 15. Qb3 Qxd5 16. Bb5+ Bd7 17. Bxd7+ Qxd7 18. Rad1 Qc6 19. Ng5 0-0 20. Qh3 h6 21. Nf3 Nf5 22. g4 g5 23. Bxg5 hxg5 24. gxf5 f6 25. Nd4 Qb6 26. Qb3+ Qxb3 27. Nxb3 b6 28. Rd7 Rfd8 29. Rfd1 Rxd7 30. Rxd7 Bf8 31. Kg2 a6 32. Nd4 Re8 33. Ne6 Rc8 34. Rd8 Rxd8 35. Nxd8 b5 36. Kf3 Bd6 37. h3 Be5 38. b3 a5 39. Nc6 Bc3 40. Ke4 a4 41. bxa4 bxa4 42. Kd3 Bb2 43. Kc4 Kg7 44. Kb4 a3 45. Kc4 Kh6 46. Nd4 Kh5 47. Nf3 g4 48. hxg4+ Kxg4 49. Nd4 Bxd4 50. Kxd4 Kxf5 51. Ke3 Kg4 52. Kf2 f5 53. Kg2 Kf4 54. Kf2 Ke4 55. Ke2 f4 56. Kf2 Kd3 57. Kf3 Kc2 58. Kxf4 Kb2 59. Ke3 Kxa2 60. Kd2 Kb1 61. Kc3 a2 62. Kb3 a1Q 0-1

[Event "NRW-ch U14 Girls"]
[Site "Wolfsburg"]
[Date "2004.04.16"]
[Round "6"]
[White "Mohr, Fides"]
[Black "Czygan, Sirin"]
[Result "1/2-1/2"]
[WhiteElo "1333"]
[BlackElo "1361"]
[PlyCount "79"]
[EventDate "2004.04.??"]
[EventType "swiss"]
[EventRounds "7"]
[EventCountry "GER"]
[SourceTitle "EXT 2005"]
[Source "ChessBase"]
[SourceDate "2004.11.15"]
[SourceVersion "1"]
[SourceVersionDate "2004.11.15"]
[SourceQuality "1"]

1. d4 d5 2. c4 dxc4 3. e3 Nc6 4. Bxc4 Nf6 5. Nc3 Bf5 6. Qb3 e6 7. Qxb7 Nb4 8. Bb5+ Nd7 9. Bxd7+ Kxd7 10. Qb5+ c6 11. Qb7+ Ke8 12. Kd2 Bc5 13. a3 Rb8 14. Qxb8 Qxb8 15. axb4 Bxb4 16. Nge2 Ke7 17. h4 h6 18. Ng3 Bh7 19. Nge2 Rd8 20. Kd1 c5 21. Bd2 cxd4 22. Nxd4 Rc8 23. Ncb5 Bc5 24. Ra6 Bxd4 25. Nxd4 Qxb2 26. Rxa7+ Ke8 27. Ke2 Be4 28. f3 Ra8 29. Rxa8+ Bxa8 30. Rc1 Ke7 31. Rc8 Bd5 32. e4 Qxd4 33. exd5 Qxd5 34. Rc7+ Kf6 35. Bc3+ e5 36. Ke3 Qe6 37. f4 Qb6+ 38. Ke4 Qxc7 39. Bxe5+ Qxe5+ 40. fxe5+ 1/2-1/2

[Event "NRW-ch U14 Girls"]
[Site "Wolfsburg"]
[Date "2004.04.15"]
[Round "5"]
[White "Zemella, Jennifer"]
[Black "Mohr, Fides"]
[Result "1/2-1/2"]
[WhiteElo "1624"]
[BlackElo "1333"]
[PlyCount "80"]
[EventDate "2004.04.??"]
[EventType "swiss"]
[EventRounds "7"]
[EventCountry "GER"]
[SourceTitle "EXT 2005"]
[Source "ChessBase"]
[SourceDate "2004.11.15"]
[SourceVersion "1"]
[SourceVersionDate "2004.11.15"]
[SourceQuality "1"]

1. e4 c5 2. d4 cxd4 3. c3 dxc3 4. Nxc3 Nc6 5. Bc4 e6 6. Nf3 d6 7. 0-0 Be7 8. Qe2 a6 9. a4 Nf6 10. Rd1 Qc7 11. Bf4 0-0 12. Rac1 h6 13. e5 Nh5 14. exd6 Nxf4 15. dxc7 Nxe2+ 16. Bxe2 Ra7 17. Ne4 Nb4 18. Nd6 Nd5 19. Nc4 b5 20. axb5 axb5 21. Nce5 Rxc7 22. Bxb5 Rxc1 23. Rxc1 Bb7 24. b3 f6 25. Ng6 Rd8 26. Nxe7+ Nxe7 27. Be2 Bd5 28. b4 Rb8 29. Rb1 Nc6 30. b5 Bxf3 31. Bxf3 Nd4 32. b6 Nxf3+ 33. gxf3 Kf7 34. Kg2 g6 35. Kg3 Ke7 36. h4 Kd6 37. h5 g5 38. f4 gxf4+ 39. Kxf4 Kc6 40. Re1 Kd6 1/2-1/2

[Event "Dortmund op-B"]
[Site "Dortmund"]
[Date "2003.08.08"]
[Round "7"]
[White "Mohr, Fides"]
[Black "Kloss, Christian"]
[Result "0-1"]
[WhiteElo "1280"]
[BlackElo "1408"]
[PlyCount "70"]
[EventDate "2003.08.01"]
[EventType "swiss"]
[EventRounds "9"]
[EventCountry "GER"]
[SourceTitle "CBM 095 Extra"]
[Source "ChessBase"]
[SourceDate "2003.09.04"]
[SourceVersion "1"]
[SourceVersionDate "2003.09.04"]
[SourceQuality "1"]

1. d4 d5 2. c4 e6 3. Nc3 Nf6 4. Bg5 Nbd7 5. Nf3 c6 6. cxd5 cxd5 7. e3 Be7 8. Bd3 0-0 9. 0-0 Re8 10. Rc1 h6 11. Bh4 Bd6 12. Nb5 Bb8 13. Qc2 a6 14. Nc3 e5 15. dxe5 Nxe5 16. Nxe5 Bxe5 17. Rfd1 Be6 18. Bh7+ Kh8 19. Bd3 Bxh2+ 20. Kxh2 Ng4+ 21. Kg1 Qxh4 22. Kf1 Qh1+ 23. Ke2 Qxg2 24. Rf1 Rac8 25. Qd2 d4 26. Nd1 Rxc1 27. Qxc1 Bd5 28. Bb1 dxe3 29. Nxe3 Nxe3 30. Re1 Nc2+ 31. Kd2 Qxf2+ 32. Kd3 Nxe1+ 33. Kc3 Qc5+ 34. Kd2 Nf3+ 35. Kd1 Re1# 0-1

[Event "Dortmund op-B"]
[Site "Dortmund"]
[Date "2003.08.03"]
[Round "3"]
[White "Mohr, Fides"]
[Black "Dorobeck, Ulrich"]
[Result "1-0"]
[WhiteElo "1280"]
[BlackElo "1556"]
[PlyCount "78"]
[EventDate "2003.08.01"]
[EventType "swiss"]
[EventRounds "9"]
[EventCountry "GER"]
[SourceTitle "CBM 095 Extra"]
[Source "ChessBase"]
[SourceDate "2003.09.04"]
[SourceVersion "1"]
[SourceVersionDate "2003.09.04"]
[SourceQuality "1"]

1. d4 d5 2. c4 e6 3. Nc3 Nf6 4. Bg5 Be7 5. e3 0-0 6. cxd5 exd5 7. Bd3 Be6 8. Nf3 Nbd7 9. 0-0 c5 10. Qc2 cxd4 11. Nxd4 Rc8 12. Rac1 Re8 13. Qb1 Bb4 14. Bxh7+ Kf8 15. Bd3 Be7 16. Nxe6+ fxe6 17. Bg6 Ne4 18. Bxe8 Qxe8 19. Bxe7+ Kxe7 20. Nxe4 dxe4 21. Qxe4 b6 22. Qh4+ Nf6 23. Qb4+ Kf7 24. Rc3 Nd5 25. Rxc8 Qxc8 26. Qd2 Qc4 27. b3 Qe4 28. Qe2 Ke7 29. Qa6 Kf6 30. Qxa7 Qc2 31. Qa3 Nc3 32. Qf8+ Kg6 33. Qe8+ Kh7 34. Qxe6 Qe2 35. Qf5+ Kh6 36. Qh3+ Kg6 37. Qe6+ Kh7 38. h3 Nd1 39. Qf5+ Kh8 1-0

[Event "GER-ch U10"]
[Site "Willingen"]
[Date "2003.06.10"]
[Round "5"]
[White "Billing, Alexander"]
[Black "Mohr, Fides"]
[Result "1-0"]
[WhiteElo "1333"]
[BlackElo "1161"]
[PlyCount "119"]
[EventDate "2003.06.08"]
[EventType "swiss"]
[EventRounds "11"]
[EventCountry "GER"]
[SourceTitle "CBM 094 Extra"]
[Source "ChessBase"]
[SourceDate "2003.07.09"]
[SourceVersion "2"]
[SourceVersionDate "2003.07.09"]
[SourceQuality "1"]

1. e4 c5 2. Nf3 e6 3. d4 cxd4 4. Nxd4 Nf6 5. Bd3 a6 6. Be3 Qc7 7. Nd2 Be7 8. 0-0 0-0 9. N2f3 d6 10. Re1 Nbd7 11. Qd2 b6 12. Rad1 Bb7 13. Bg5 Rfe8 14. h3 Rac8 15. Qe2 Nc5 16. e5 dxe5 17. Qxe5 Bd6 18. Qe2 Nfd7 19. Nb3 Nxd3 20. Qxd3 f6 21. Qxd6 Qxd6 22. Rxd6 fxg5 23. Rxd7 Bxf3 24. gxf3 Rxc2 25. Rd2 Rc6 26. Rde2 Kf7 27. Kg2 Kf6 28. Kg3 h6 29. Rc1 Rxc1 30. Nxc1 Kf5 31. Nb3 h5 32. Nd4+ Kf6 33. f4 h4+ 34. Kg4 gxf4 35. Kxf4 e5+ 36. Kg4 g5 37. Nf3 e4 38. Nd2 Kg6 39. Rxe4 Rxe4+ 40. Nxe4 b5 41. Nxg5 b4 42. Kxh4 b3 43. a3 a5 44. Ne4 a4 45. Nc5 Kh6 46. Nxb3 axb3 47. a4 Kg7 48. a5 Kf7 49. a6 Ke7 50. a7 Kd7 51. a8Q Kc7 52. Qd5 Kb6 53. f4 Kc7 54. Qe6 Kd8 55. f5 Kc7 56. f6 Kb7 57. f7 Ka7 58. Qc6 Kb8 59. f8R+ Ka7 60. Ra8# 1-0

[Event "GER-ch U10"]
[Site "Willingen"]
[Date "2003.06.10"]
[Round "6"]
[White "Mohr, Fides"]
[Black "Osmanodja, Bilgin"]
[Result "0-1"]
[WhiteElo "1161"]
[BlackElo "1330"]
[PlyCount "88"]
[EventDate "2003.06.08"]
[EventType "swiss"]
[EventRounds "11"]
[EventCountry "GER"]
[SourceTitle "CBM 094 Extra"]
[Source "ChessBase"]
[SourceDate "2003.07.09"]
[SourceVersion "2"]
[SourceVersionDate "2003.07.09"]
[SourceQuality "1"]

1. d4 Nf6 2. c4 e6 3. Nc3 Bb4 4. a3 Bxc3+ 5. bxc3 Nc6 6. Bg5 h6 7. Bh4 Qe7 8. Nf3 d6 9. e3 e5 10. d5 Nd8 11. Be2 0-0 12. 0-0 b6 13. Nd2 Bf5 14. f3 c6 15. e4 Bd7 16. Qc2 Nb7 17. Rab1 Rfc8 18. Kh1 Be8 19. Bd3 Nc5 20. Be2 Ncd7 21. Rb3 Nb8 22. Rfb1 cxd5 23. cxd5 Ba4 24. Bxf6 Qxf6 25. c4 Bxb3 26. Qxb3 Na6 27. Qb5 Nc5 28. Nb3 Qe7 29. Nxc5 Rxc5 30. Qa6 Ra5 31. Qxa5 bxa5 32. Rb5 Qc7 33. Bd3 Rb8 34. Rxb8+ Qxb8 35. Kg1 Qb3 36. Be2 Qxa3 37. Kf2 Kh7 38. Kg3 Qe3 39. Bf1 Kg6 40. h4 Kh5 41. Kh3 Qf2 42. g4+ Kg6 43. h5+ Kg5 44. f4+ Kxf4 0-1